Global urbanization (Record no. 30877)
[ view plain ]
| 000 -LEADER | |
|---|---|
| fixed length control field | 01660nam a2200385 a 4500 |
| 082 04 - DEWEY DECIMAL CLASSIFICATION NUMBER | |
| Classification number | 307.76 |
| 245 00 - TITLE STATEMENT | |
| Title | Global urbanization |
| 260 ## - PUBLICATION, DISTRIBUTION, ETC. (IMPRINT) | |
| Place of publication | Philadelphia : |
| Name of publisher | University of Pennsylvania Press, |
| Year of publication | c2011. |
| 300 ## - PHYSICAL DESCRIPTION | |
| Number of Pages | vi, 376 p. : |
| Other physical details | ill., maps. |
| 490 1# - SERIES STATEMENT | |
| Series statement | City in the twenty-first century |
| 505 0# - FORMATTED CONTENTS NOTE | |
| Formatted contents note | pt. 1. Twenty-first-century population prospect : emerging needs -- pt. 2. Urban spatial growth and development -- pt. 3. Urban governance and finance -- pt. 4. Cases in urban development. |
| 650 #0 - SUBJECT ADDED ENTRY--TOPICAL TERM | |
| Topical Term | Urbanization. |
| Topical Term | Cities and towns |
| Topical Term | Urban policy. |
| Topical Term | City planning. |
| 700 1# - ADDED ENTRY--PERSONAL NAME | |
| Personal name | Birch, Eugenie Ladner. |
| Personal name | Wachter, Susan M. |
| 856 40 - ELECTRONIC LOCATION AND ACCESS | |
| Uniform Resource Identifier | http://site.ebrary.com/lib/rucke/Doc?id=10641595 |
No items available.
